| 000 | 01101nam a2200361 a 4500 | ||
|---|---|---|---|
| 001 | 23476 | ||
| 003 | VRT | ||
| 005 | 20260624112347.0 | ||
| 008 | 010702s2001 xo 000 1 slo c | ||
| 020 | _a8022010995 (viaz.) | ||
| 035 | _aUKB000289770 | ||
| 039 | 9 |
_a202511071333 _bdrlickoj _c202002110724 _dAUTHORITY |
|
| 040 |
_aBAA001 _bslo _cBAA001 _eAACR2 |
||
| 041 | 1 | _aslo | |
| 044 |
_axo _cSK |
||
| 072 | 7 |
_a821.162.4-3 _xSlovenská próza _2konspekt |
|
| 080 |
_a821.162.4-31 _22011 |
||
| 080 |
_a(0:82-31) _22011 |
||
| 100 | 1 |
_aVilikovský, Pavel, _d1941-2020 |
|
| 245 | 0 | 0 |
_aPosledný kôň Pompejí _cPavel Vilikovský |
| 250 | _a1. vyd | ||
| 260 |
_aBratislava _bSlovenský spisovateľ _c2001 |
||
| 300 | _a207 s | ||
| 500 | _aRozlož. tit. list | ||
| 504 | _aBibliogr. skrytá | ||
| 655 | 7 |
_aslovenské romány _2UKBPH |
|
| 910 | _aukb | ||
| 942 |
_2ddc _cKLDE _n0 |
||
| 949 |
_61800120948 _aSL.D.39425 _bPV.2825-2001 |
||
| 949 |
_61800120949 _aSK.D.09261 _bPV.2826-2001 _s6707:20060718 |
||
| 949 |
_61800121146 _a30.D.83445 _bKD.315-2001 |
||
| 949 |
_61800169618 _a30.D.83445 _bNA.8-2001 |
||
| 999 |
_c23476 _d23476 |
||